Score 0/18 Timer 05:00
2 Plays Today
% Correct
United States
98.3%
France
95.5%
Germany
94.1%
Russia
93.5%
Iceland
92.5%
Poland
91.9%
United Kingdom
91.6%
South Korea
90.1%
Canada
89.3%
% Correct
Venezuela
88.2%
Japan
88%
Cuba
87.5%
New Zealand
85.7%
Kenya
84.2%
Nigeria
83.5%
Argentina
82.4%
Iraq
77%
Philippines
76.9%
Remove Ads.
Support Sporcle.
Get the best of Sporcle when you Go Orange. This ad-free experience offers more features, more stats, and more fun while also helping to support Sporcle. Thank you for becoming a member.

You're not logged in!

Compare scores with friends on all Sporcle quizzes.
OR
Log In

Show Comments

Extras

Top Quizzes Today


Score Distribution

Your Account Isn't Verified!

In order to create a playlist on Sporcle, you need to verify the email address you used during registration. Go to your Sporcle Settings to finish the process.

Report this User

Report this user for behavior that violates our Community Guidelines.

Details: